000 00612nam a22001817a 4500
005 20251108174637.0
008 250721s2007 xx 000 0 ara d
082 1 4 _a576.5/أحم
100 1 _aأحمد، محمد سعيد هاشم
_eمؤلف
245 1 0 _aمقدمة في الوراثة و الإشعاعات الذرية /
264 1 _aعمان :
_bالأهلية للنشر والتوزيع،
_c2007.
300 _a255ص.
650 1 7 _aعلم الوراثه
650 1 7 _aعلم الاحياا الاشعاعي
700 1 _aكبه، إياد جابر عيسى
942 _2ddc
_cBK
999 _c114319
_d114319